00782nam a22002057a 4500999001500000001000500015003000900020005001700029008004100046040003800087082002400125245008900149260004100238300002300279505005900302650004800361700002900409942001200438952012600450 c7174d71748957BD-DhUAP20210117110617.0210117s1965 bg ||||| |||| 00| 0 eng d aBD-DhUAPbEngcBD-DhUAPdBD-DhUAP 223a348.549204 DAC  aThe Dacca law reports :bfortnightly law journal /cedited by Obaidul Huq Chowdhury. aDacca : bDacca law reports,c1965.  avolumes ;c25 cm.  aV. 17-Table of cases of the supreme court of Pakistan. aLaw reports, digests, etc. zEast Pakistan. aChowdhury, Obaidul Huq.  2ddccBK 00102ddc4070aDBASLbDBASLcGeneral Stacksd2021-01-17o348.549204 DAC V-17p3010008957r2021-01-17t1w2021-01-17yBK